| 000 | 00619nam a22002057a 4500 | ||
|---|---|---|---|
| 003 | OSt | ||
| 005 | 20140310181930.0 | ||
| 008 | 130722t xxu||||| |||| 00| 0 eng d | ||
| 050 |
_aMT 746 _b.P173 1992 |
||
| 082 |
_aTR 786.2 _bP18 1992 |
||
| 100 |
_aPalmer, Willard A. _92646 |
||
| 245 |
_aPrep course for the young beginner : _btheory Book. Level E / _cWillard A. Palmer |
||
| 260 |
_aUSA : _bAlfred Publishing Co, Inc, _cc1992. |
||
| 300 |
_a32 p. : _bill. ; _c30 cm. |
||
| 521 | _aFaculty | ||
| 541 | _j1 | ||
| 562 | _e1 | ||
| 650 |
_aPiano _xstudy and teaching (Primary). _92652 |
||
| 942 |
_2lcc _cBK-TR _kTR |
||
| 999 |
_c7328 _d7328 |
||